000 00428nam a2200145Ia 4500
020 _a9698125027(hb)
082 _a954.04
_bJAV
_cL-30 II, P-206
100 _aJaved Hassan
_946507
245 _aIndia:
_ba study in profile
260 _aRawalpindi:
_bServices Book Club,
_c1990
300 _a260p.
526 _a0
_b0
_c0
_d954_040000000000000_JAV
650 _aIndia -- Politics and Government -- 1947 --
_946508
942 _2ddc
_cBK
999 _c549827
_d549827